ADVERTISING IN TOURISM & LEISURE (Record no. 33290)

MARC details
000 -LEADER
fixed length control field 00432nam a22001697a 4500
003 - CONTROL NUMBER IDENTIFIER
control field OSt
005 - DATE AND TIME OF LATEST TRANSACTION
control field 20220321155710.0
008 - FIXED-LENGTH DATA ELEMENTS--GENERAL INFORMATION
fixed length control field 220321b |||||||| |||| 00| 0 eng d
020 ## - INTERNATIONAL STANDARD BOOK NUMBER
International Standard Book Number 0750654325
040 ## - CATALOGING SOURCE
Transcribing agency HU
082 ## - DEWEY DECIMAL CLASSIFICATION NUMBER
Classification number 910.4
100 ## - MAIN ENTRY--PERSONAL NAME
Personal name MORGAN NIGEL.
9 (RLIN) 33644
245 ## - TITLE STATEMENT
Title ADVERTISING IN TOURISM & LEISURE
Statement of responsibility, etc. ANNETTE PRITCHARD
260 ## - PUBLICATION, DISTRIBUTION, ETC.
Place of publication, distribution, etc. BOSTON
Name of publisher, distributor, etc. BH
Date of publication, distribution, etc. 2001
300 ## - PHYSICAL DESCRIPTION
Extent XII, 346p.
Other physical details ill.
Dimensions 26cm.
942 ## - ADDED ENTRY ELEMENTS (KOHA)
Source of classification or shelving scheme Dewey Decimal Classification
Koha item type Books like text book referance book
Suppress in OPAC No
Holdings
Withdrawn status Lost status Source of classification or shelving scheme Damaged status Not for loan Collection code Home library Current library Shelving location Date acquired Total Checkouts Full call number Barcode Date last seen Copy number Price effective from Koha item type
    Dewey Decimal Classification     Reference Wondo Genet Library Wondo Genet Library General Stacks 03/21/2022   910.4 MOR 2001 WGCFNRL00014309 03/21/2022 1 03/21/2022 Books like text book referance book
    Dewey Decimal Classification     Reference Wondo Genet Library Wondo Genet Library General Stacks 03/21/2022   910.4 MOR 2001 WGCFNRL00014310 03/21/2022 2 03/21/2022 Books like text book referance book
    Dewey Decimal Classification     Reference Wondo Genet Library Wondo Genet Library General Stacks 03/24/2022   910.4 MOR 2001 WGCFNRL00014639 03/24/2022 3 03/24/2022 Books like text book referance book
    Dewey Decimal Classification     Reference Wondo Genet Library Wondo Genet Library General Stacks 03/28/2022   910.4 MOR 2001 WGCFNRL00014909 03/28/2022 4 03/28/2022 Books like text book referance book